header

Gideon Welles; Lincoln's Secretary of the Navy (Record no. 19436)

MARC details
000 -LEADER
fixed length control field 01133nam a2200301Ia 4500
100 1# - MAIN ENTRY--AUTHOR NAME
Personal name Niven, John.
245 10 - TITLE STATEMENT
Title Gideon Welles; Lincoln's Secretary of the Navy
260 ## - PUBLICATION, DISTRIBUTION, ETC. (IMPRINT)
Place of publication New York :
Name of publisher Oxford University Press,
Year of publication 1973.
300 ## - PHYSICAL DESCRIPTION
Number of Pages xii, 676 p. :
Other physical details ill.
650 #0 - SUBJECT ADDED ENTRY--TOPICAL TERM
Topical Term Cabinet officers
856 40 - ELECTRONIC LOCATION AND ACCESS
Uniform Resource Identifier http://site.ebrary.com/lib/rucke/Doc?id=10279534

No items available.

© 2026 Rongo University
Contact us: librarian | system librarian | Rongo university